| 000 | 00982nam a22002297a 4500 | ||
|---|---|---|---|
| 008 | 110914s1997 ua|||||r|||| 00| 0 ara d | ||
| 020 | _a9771938061 | ||
| 082 |
_222 _a649.1 _bش ك ر |
||
| 100 |
_927172 _aشكري ، ابراهيم |
||
| 245 |
_aأنا و طفلي و الطبيب / _cابراهيم شكري |
||
| 260 |
_aالقاهرة : _bمطابع دار نوبار، [1997?] _c[1979?] |
||
| 300 |
_a341 ص : _bأيض، صور ؛ _c24 سم |
||
| 650 |
_914986 _aالأطفال _xرعاية |
||
| 650 |
_927173 _aالأطفال الرضع |
||
| 650 |
_927174 _aالأطفال _xتغذية |
||
| 650 |
_927175 _aالأطفال _xملابس |
||
| 650 |
_915475 _aالأطفال _xنمو |
||
| 650 |
_98355 _aالأطفال _x-- تربية |
||
| 653 | _bGeneral | ||
| 942 |
_2ddc _cBB |
||
| 999 |
_c16024 _d16024 |
||